Every Dayglow Song (Updated 2025) - Statistics

General Stats
  • This quiz has been taken 24 times
    7 since last reset
  • The average score is 36 of 48
Answer Stats
Album Song % Correct
Fuzzybrain Can I Call You Tonight?
100%
Fuzzybrain Fuzzybrain
100%
Fuzzybrain Hot Rod
100%
Fuzzybrain Listerine
100%
Fuzzybrain Run The World!!!
100%
Harmony House Close To You
86%
Fuzzybrain Dear friend,
86%
Dayglow All-star #1
71%
Dayglow Atlantis
71%
Harmony House Balcony
71%
Dayglow Broken Bone
71%
Single Change
71%
Dayglow Cocoon
71%
Harmony House Crying On The Dancefloor
71%
Harmony House December
71%
People In Motion Deep End
71%
Dayglow Every Little Thing I Say I Do
71%
Fuzzybrain Fair Game
71%
Fuzzybrain False Direction
71%
People In Motion How Do You Know?
71%
Harmony House Into Blue
71%
Fuzzybrain Junior Varsity
71%
Harmony House Like Ivy
71%
People In Motion Like She Does
71%
Dayglow Little alien spaceman
71%
Harmony House Medicine
71%
Dayglow Mindless Creatures
71%
Harmony House Moving Out
71%
Fuzzybrain Nicknames
71%
Dayglow Nothing Ever Does!!!
71%
Dayglow Old Friend, New Face
71%
People In Motion Radio
71%
Dayglow Ricochet
71%
People in Motion Second Nature
71%
Dayglow Self-Esteem
71%
Dayglow Silver Lining
71%
People In Motion Someone Else
71%
Harmony House Something
71%
People In Motion Stops Making Sense
71%
Harmony House Strangers
71%
Dayglow Superbloom
71%
People In Motion Talking To Light
71%
People In Motion Then It All Goes Away
71%
Dayglow This Feeling
71%
People In Motion Turn Around
71%
Dayglow Weatherman
71%
Dayglow What People Really Do
71%
Harmony House Woah Man
71%
No matching quizzes found
Score Distribution
Percent of People with Each Score
Percentile by Number Answered
Your Score History
You have not taken this quiz since the last reset